000 00682nam a22002417a 4500
003 MX-MxUPN
005 20260327155451.0
008 250819s1994 sp| |||fr ||| 000 0 spa d
020 _a8425404703
040 _aMX-MxUPN
_bspa
041 1 _aspa
_hfre
050 _aLB3061
_bA93 1994
100 1 _aAvanzini, Guy
_928862
245 1 3 _aEl fracaso escolar
250 _aQuinta edición
260 U _aBercelona :
_bHerder,
_c1994
300 _a187 páginas
490 0 _aBiblioteca de pedagogía ;
_v10
650 4 _aFracaso escolar
_94966
902 _aMarisolLicea/19082025
_bMaiella Martínez / 01092025
_bVìctorGodìnez/270326
942 _2lcc
_cLIBRO
999 _c213792
_d213792